<?xml version="1.0" encoding="UTF-8"?>
<marc:record xmlns:marc="http://www.loc.gov/MARC21/slim">
   <marc:leader>00000nam a2200000 a 4500</marc:leader>
   <marc:datafield ind1="1" ind2=" " tag="100">
      <marc:subfield code="a">Taseer, Aatish</marc:subfield>
      <marc:subfield code="4">aut</marc:subfield>
      <marc:subfield code="e">Verfasser/-in</marc:subfield>
   </marc:datafield>
   <marc:datafield ind1="1" ind2=" " tag="100">
      <marc:subfield code="a">Seuß, Rita</marc:subfield>
      <marc:subfield code="4">trl</marc:subfield>
      <marc:subfield code="e">Übersetzer/-in</marc:subfield>
   </marc:datafield>
   <marc:datafield ind1="0" ind2="0" tag="245">
      <marc:subfield code="a">Terra Islamica</marc:subfield>
   </marc:datafield>
   <marc:datafield ind1="0" ind2="0" tag="245">
      <marc:subfield code="b">auf der Suche nach der Welt meines Vaters</marc:subfield>
   </marc:datafield>
   <marc:datafield ind1="0" ind2="0" tag="245">
      <marc:subfield code="c">Aatish Taseer. Aus dem Engl. von Rita Seuß</marc:subfield>
   </marc:datafield>
   <marc:datafield ind1=" " ind2="1" tag="264">
      <marc:subfield code="a">München</marc:subfield>
      <marc:subfield code="b">C. H. Beck</marc:subfield>
      <marc:subfield code="c">2010</marc:subfield>
   </marc:datafield>
   <marc:datafield ind1="1" ind2=" " tag="520">
      <marc:subfield code="a">Aufgewachsen bei seiner nichtmuslimischen Mutter in Indien und dann vor allem in London und den USA sozialisiert, macht sich Aatish Taseer eines Tages auf den Weg, um die unbekannte Welt seines muslimischen Vaters und damit einen Teil seiner Ursprünge zu erkunden. Sein Bericht von dieser Reise ist auf meisterhafte Weise mit Episoden aus der Geschichte seiner indischen Familie verflochten. Die Reise wird für Aatish Taseer zunehmend zur Suche nach seiner eigenen Identität und kulminiert in der Begegnung mit seinem Vater in Pakistan, für den der Islam, wie sich heraustellt, weniger eine Frage des Glaubens als ein politischer und kultureller Machtfaktor ist. (Verlagstext)</marc:subfield>
   </marc:datafield>
   <marc:datafield ind1=" " ind2=" " tag="020">
      <marc:subfield code="a">9783406598227</marc:subfield>
      <marc:subfield code="9">9783406598227</marc:subfield>
   </marc:datafield>
   <marc:datafield ind1=" " ind2=" " tag="020">
      <marc:subfield code="a">3406598226</marc:subfield>
      <marc:subfield code="9">3406598226</marc:subfield>
   </marc:datafield>
   <marc:datafield ind1=" " ind2=" " tag="300">
      <marc:subfield code="a">361 S. : Kt.</marc:subfield>
   </marc:datafield>
</marc:record>
